000 00408nam a2200133Ia 4500
008 100328s9999 xx 000 0 und d
082 _b18276
100 _aदेशपांडे पु.य.
245 _aसप्तोकी भागवत
260 _bय.गो.जोशी
630 _aसप्तोकी भागवत
730 _aसप्तोकी भागवत
942 _cBOOK
999 _c512706
_d512703